000
00264nam a2200109Ia 4500
008
220216s9999 xx 000 0 und d
245
0
_a
Rubber: Guna menma urappakkam
260
_b
Karshakasree
_c
2017
300
_a
64,65,67
650
_a
Rubber grading
942
_c
JS
999
_c
68179
_d
68179